000 01363nam1a2200289 i 4500
001 RU\NLR\b_ik\191656
005 20241225182150.0
035 _a(NLR Aleph) 002264106
090 _a3859871
_c3859871
100 _a20110912g20119999u y0rusy50 ba
101 1 _aspa
_crus
102 _aRU
105 _a||||z |||||
200 1 _aIdeas geniales en la historia de la ciencia
_fÍgor Ushakov
_gtrad. del ruso por Carlos Daniel Navarro Hernández [et al.]
210 _aMoscú
_cURSS
_cКрасанд
_d2011
215 _d22
300 _aНа обороте тит. л.: История науки сквозь природу озарений / Ушаков Игорь Алексеевич
463 1 _1001RU\NLR\b_ik\191244
_12001#$aInvestigando el Universo
_0RU\NLR\b_ik\191244
_93854608
_cБ. м.
_d2011
_p191 с.
_tIdeas geniales en la historia de la ciencia. - Investigando el Universo
_y978-5-396-00393-4
517 0 _aИстория науки сквозь природу озарений
541 0 _aВеликие идеи в истории науки
_eИсследование вселенной
_zrus
606 1 _aНаука
_xИстория
_91659314
_3RU\NLR\AUTH\66735062
686 1 _aЧ213(0)
700 1 _aUšakov
_bI. A.
_gIgor' Alekseevič
_4070
801 0 _aRU
_bNLR
_c20110912
_gRCR
852 _aNLR
_bИк
_j2011-5/527
942 _cBOOK